00831cam a2200217Ii 450000500170000000800410001701000170005802000180007502000180009303500570011104000500016804100080021810000260022624501340025226000490038630000240043550400410045965000290050065000540052965000300058320160524113955.0160524s2013 xxk fr 000 0 eng d a 2012953534 a9780857938756 a9780857938770 a(OCoLC)818451013z(OCoLC)814372663z(OCoLC)842104556 aCO-BoUCMbspacSandra PalaciodSandra Palacio0 aeng1 aWilliamson, Oliver E.14aThe transaction cost economics project bthe theory and practice of the governance of contractual relationscOliver E. Williamson aCheltenham (Reino Unido)bEdward Elgarc2013 axxiv, 417 páginas aIncluye referencias bibliográficas 7aCostos de transacción  7aOrganización industrial (Teoría económica)  7aEconomía institucional